| 000 | 00341nam a2200133Ia 4500 | ||
|---|---|---|---|
| 005 | 20260326100039.0 | ||
| 008 | 260326s9999||||xx |||||||||||||| ||und|| | ||
| 100 | _aOrtíz Macedo, Luis | ||
| 245 | 0 |
_aGuanajuato / _cLuis Ortíz Macedo |
|
| 260 | _bRevista Artes de México | ||
| 300 | _a191 p. | ||
| 650 | _aARQUITECTURA REGIONAL | ||
| 942 | _cBK | ||
| 999 |
_c6929 _d6929 |
||